| 000 | 00422nam a2200181Ia 4500 | ||
|---|---|---|---|
| 008 | 230524s9999 xx 000 0 und d | ||
| 020 | _a0195669029 | ||
| 082 |
_a540 _bATK |
||
| 100 | _aPeter Atkins | ||
| 245 | 0 | _aPhysical Chemistry | |
| 250 | _a7TH | ||
| 260 |
_aNEW DELHI _bOxford _c2003 |
||
| 300 | _aXXI;1149 | ||
| 500 | _aQuantity Number: 56 | ||
| 650 | _aChemistry | ||
| 700 | _a Juliode Paula | ||
| 942 | _cBK | ||
| 999 |
_c19837 _d19837 |
||